Nézz Jézusra! /

Saved in:
Bibliographic Details
Main Author: Modersohn, Ern (Author)
Format: Book
Language:Hungarian
Published: Bratislava : Misijná spoločnosť evanjelia Ježiša Krista, 2000
Edition:1. vyd.
Subjects:
ISBN: 8088891213 (brož.)
Physical Description: 64 s.
Tags: Add Tag
No Tags, Be the first to tag this record!

MARC

LEADER 00000nam a2200000 a 4500
001 000057504
003 SVKK
005 20000918000000.0
008 000628s2000 xo e huno
020 |a 8088891213 (brož.) 
040 |a SVKKK  |b slo  |c SVKKK  |e AACR2 
041 0 |a hun 
044 |a xo  |c SK 
080 |a 232  |2 1997 
100 1 |a Modersohn, Ern  |4 aut 
245 1 0 |a Nézz Jézusra! /  |c Ern Modersohn 
250 |a 1. vyd. 
260 |a Bratislava :  |b Misijná spoločnosť evanjelia Ježiša Krista,  |c 2000 
300 |a 64 s. 
653 0 |a Ježiš Kristus  |2 SVKKKPH 
653 0 |a úvahy náboženské  |2 SVKKKPH 
655 7 |a monografie  |2 SVKKKPH 
910 |a svkkk 
919 |a 80-88891-21-3 
974 |a UH  |d 20000802 
974 |a KL  |d 20000727 
974 |a MI  |d 20000918 
998 |a BK 
090 |g SCKHL  |k Sklad Hlavná 10 prízemie  |a I.70208  |j 934078  |i 2720399443  |s Absenčne